Statystyki dla 15 krajów o największej liczbie zgonów Covid19 - 22 stycznia

Kliknij tutaj aby rozwiązać quiz!

Ogólne statystyki

  • Ten quiz został rozwiązany 15 razy
  • Średni wynik to 10 z 24

Statystyki odpowiedzi

kraj% Poprawnych
Niemcy
87%
Stany Zjednoczone
87%
Rosja
73%
Włochy
73%
Hiszpania
67%
Wielka Brytania
67%
Brazylia
53%
Francja
53%
Indie
53%
Meksyk
47%
Argentyna
40%
Belgia
33%
Czechy
33%
Republika
Południowej Afryki
33%
Peru
27%
Słowenia
27%
Kolumbia
20%
Bośnia i Hercegowina
13%
Chorwacja
13%
Iran
13%
Macedonia Północna
13%
Panama
13%
Węgry
13%
Bułgaria
7%

Rozkład punktacji

Percentyl według liczby udzielonych odpowiedzi

Procent ludzi z każdym wynikiem

Twoja historia wyników

Nie rozwiązałeś tego quizu